000 00690nam a2200241Ia 4500
003 OSt
005 20221007110222.0
006 a|||||r|||| 00| 0
007 ta
008 221006b |||||||| |||| 00| 0 eng d
024 _a20,638
037 _cTextual
040 _aLCO
_cLCO
_beng
041 _2eng
_aeng
082 _aZ1,215, L7
100 _aOda Shigeru
245 0 _aLaw of the Sea in our Time - II The United Nations Seabed Committee1968-73
260 _aLeyden
_bA.W.Sijthoff International Publishing Company Netherland
_c1977
300 _a332
650 _aLAW OF SEA
_9682969
942 _hZ1,215, L7
_cTEXL
999 _c1190201
_d1190201